Construction and Validation of the Customer Participation Scale (Record no. 329858)
[ view plain ]
| 000 -LEADER | |
|---|---|
| fixed length control field | 00555nam a2200181Ia 4500 |
| 008 - FIXED-LENGTH DATA ELEMENTS--GENERAL INFORMATION | |
| fixed length control field | 170510s9999 xx 000 0 und d |
| 100 ## - MAIN ENTRY--PERSONAL NAME | |
| Personal name | Sandy C. Chen |
| 245 ## - TITLE STATEMENT | |
| Title | Construction and Validation of the Customer Participation Scale |
| 245 ## - TITLE STATEMENT | |
| Statement of responsibility, etc | Sandy C. Chen, Carola Raab |
| 260 ## - PUBLICATION, DISTRIBUTION, ETC. (IMPRINT) | |
| Name of publisher, distributor, etc | SAGE |
| 260 ## - PUBLICATION, DISTRIBUTION, ETC. (IMPRINT) | |
| Date of publication, distribution, etc | 2017 |
| 300 ## - PHYSICAL DESCRIPTION | |
| Extent | pages 131-153,February |
| 440 ## - SERIES STATEMENT/ADDED ENTRY--TITLE | |
| Title | Journal of Hospitality & Tourism Research |
| Volume number/sequential designation | 41:2 |
| 650 ## - SUBJECT ADDED ENTRY--TOPICAL TERM | |
| Topical term or geographic name as entry element | Customer roles |
| 650 ## - SUBJECT ADDED ENTRY--TOPICAL TERM | |
| Topical term or geographic name as entry element | Mandatory customer participation |
| 650 ## - SUBJECT ADDED ENTRY--TOPICAL TERM | |
| Topical term or geographic name as entry element | Scale development |
| 650 ## - SUBJECT ADDED ENTRY--TOPICAL TERM | |
| Topical term or geographic name as entry element | Service quality |
| Withdrawn status | Lost status | Damaged status | Home library | Current library | Date acquired | Total Checkouts | Date last seen | Price effective from | Koha item type |
|---|---|---|---|---|---|---|---|---|---|
| College Library | College Library | 05/10/2017 | 05/10/2017 | 05/10/2017 | Periodicals |